000 00243nam a2200097Ia 4500
008 170620s9999 xx 000 0 und d
100 _aSharma- A.K.
245 0 _aSCIENTIFIC TECHNIQUES OF COACHING IN PHYSICAL EDUCATION
260 _balpha
260 _c2008
300 _a208
999 _c28308
_d28308